00333nam a2200133Ia 45000030006000000080041000060400015000471000025000622450038000872500010001252600035001355460012001700050017001820STCL150530s9999 xx 000 0 und d aSTCLcSTCL aGros and Pearson; Ed aDickens and the twentieth century aFirst bRoutledge and Kegan Paulc1962 aEnglish20220125170902.0